| 000 | 02064cam a2200409 a 4500 | ||
|---|---|---|---|
| 999 |
_c6878 _d6878 |
||
| 001 | 1312177 | ||
| 003 | OSt | ||
| 005 | 20210414162129.0 | ||
| 008 | 060118s2005 dcuac b 001 0 eng d | ||
| 020 | _a0875532357 | ||
| 040 | _cDDC | ||
| 041 | 0 | _aeng | |
| 042 | _anlmcopyc | ||
| 082 | _a363.7284STA 1984 | ||
| 245 | 0 | 0 |
_aStandard methods for the examination of water & wastewater. _cEdited by Andrew D. Eaton ... [et al.] |
| 246 | 3 | _aStandard methods for the examination of water and wastewater | |
| 250 |
_a20th ed. _bprepared and published jointly by American Public Health Association, American Water Works Association, Water Environment Federation ; joint editorial board, Andrew D. Eaton ... [et al.] ; managing editor, Mary Ann H. Franson. |
||
| 260 |
_aWashington, DC : _bAmerican Public Health Association, _c1984 |
||
| 300 |
_a1 v. (various pagings) : _bill. (some col.), port. ; _c29 cm. |
||
| 336 |
_atext _btxt _2rdacontent |
||
| 337 |
_aunmediated _bn _2rdamedia |
||
| 338 |
_avolume _bnc _2rdacarrier |
||
| 504 | _aIncludes bibliographical references and index. | ||
| 505 | 0 | _aIntroduction -- Physical and aggregate properties -- Metals -- Inorganic nonmetallic constituents -- Aggregate organic constituents -- Individual organic compounds -- Radioactivity -- Toxicity -- Microbiological examination -- Biological examinations. | |
| 650 | 1 | 2 |
_aWater Supply _0https://id.nlm.nih.gov/mesh/D014881 _914102 |
| 650 | 1 | 2 |
_aWater _xanalysis _0https://id.nlm.nih.gov/mesh/D014867Q000032 _914103 |
| 650 | 2 | 2 |
_aSewage _xanalysis _0https://id.nlm.nih.gov/mesh/D012722Q000032 _914104 |
| 650 | 2 | 2 |
_aWater Microbiology _0https://id.nlm.nih.gov/mesh/D014871 _914105 |
| 650 | 2 | 2 |
_aWater Pollution _0https://id.nlm.nih.gov/mesh/D014876 _914106 |
| 700 | 1 |
_aEaton, Andrew D. _914107 |
|
| 700 | 1 |
_aFranson, M. A. H. _914108 |
|
| 710 | 2 |
_aAmerican Public Health Association. _914109 |
|
| 710 | 2 |
_aAmerican Water Works Association. _914110 |
|
| 710 | 2 |
_aWater Environment Federation. _914111 |
|
| 942 |
_2ddc _cO_SHELF |
||